000 00751nam a2200241Ia 4500
001 22321
003 GE_BSU
008 181216s||||||||xx |||||||||||||| ||und||
020 _a9789661380201
040 _cGE_BSU
080 _a346.1(=161.2)
100 _aАпаров А.М., Онищенко О.М.
245 _aГосподарське право України. Загальна частина. Том 1.
260 _aКиев
260 _bИстина
260 _c2016
300 _a452 стр. 30см.
541 _h12 ლ.
653 _aГосподарське право України. Загальна частина. Том 1.
653 _aПраво Украины
653 _aსამართალი
942 _cBK
999 _c55245
_d55245